000 00652cam a2200217 a 4500
001 2386153
005 20180205071329.0
008 850426s1986 nyua b 001 0 eng
010 _a 85008561
020 _a0060423870
040 _aDLC
_cDLC
_dDLC
041 _aeng
080 _a658.45
082 0 0 _a658.45 GOO
_219
100 1 _a54
101 _aLID
245 1 4 _aThe persuasive presentation :
_cH. Lloyd Goodall, Jr. and Christopher L. Waagen.
504 _aIncludes bibliographies and index.
906 _a7
_bcbc
_corignew
_d1
_eocip
_f19
_gy-gencatlg
942 _2ddc
_cBK
999 _c41752
_d41752